000 01303nam a2200265 i 4500
001 67186
003 ES-MaACL
005 20251206063031.0
008 220107r20181550mx 001 p spa
020 _a978-84-09-03415-4
080 _a821.134.2-14"15"
100 1 _aSepúlveda, Lorenzo de,
_dfl. 1551
_9174014
245 1 0 _aRomances :
_bnuevamente sacados de historias antiguas de la crónica de España /
_cpor Lorenzo de Sepúlveda vecino de Sevilla ; van añadidos muchos nunca vistos compuestos por un caballero Cesario cuyo nombre se guarda para mayores cosas ; edición de Mario Garvin ; [coordina la edición, José J. Labrador Herraiz].
260 _aMéxico D.F. :
_bFrente de Afirmación Hispanista, A.C.,
_c2018 (
_eTorrejón de Ardoz :
_fGráf. Dehon)
300 _a209, 277 p. ;
_c24 cm.
534 _pReprod. de la edición de:
_cEn Anvers : En casa de Martin Nucio, 1550.
700 1 _aGarvin, Mario.
_9173996
700 1 _aLabrador Herraiz, José J.
_969288
710 2 _aFrente de Afirmación Hispanista, A.C.
_9159234
852 4 _aES-MaACL
_jA-14846
_969696
_bR.152326
_cDEPO1
_dOlim: N-7846
_hDonación: José J Labrador
903 _969288
_aLabrador Herraiz, José J.
_ednr
942 _2udc
_cMONOGRAFIA
999 _c67186
_d67186